Estadísticas para Top 10 economías más grandes en África

Haz click aquí para intentar la prueba.

Estadísticas generales

  • Esta prueba ha sido intentada 4.347 veces
    (246 desde el último reinicio)
  • La puntuación promedio es 10 de 10

Estadísticas de respuestas

PIBPaís% Correcto
1,98 BEgipto
100%
1,03 BSudáfrica
100%
0,41 BMarruecos
99%
0,77 BArgelia
98%
1,44 BNigeria
98%
0,37 BKenia
96%
0,24 BTanzania
94%
0,27 BAngola
93%
0,43 BEtiopía
93%
0,24 BGhana
82%

Distribución de puntuación

Porcentaje por número respondido

Porcentaje de gente con cada puntuación

Historial de tus puntuaciones

No has intentado esta prueba desde el último reinicio